Filosofía y teoría del derecho (versión ilustrada) (Record no. 61024)

MARC details
000 -LEADER
campo de control de longitud fija 02546nac a2200301 a 4500
003 - IDENTIFICADOR DE NÚMERO DE CONTROL
campo de control CO-PeBPM
005 - FECHA Y HORA DE LA ÚLTIMA TRANSACCIÓN
campo de control 20250714120258.0
007 - CAMPO FIJO DE DESCRIPCIÓN FÍSICA--INFORMACIÓN GENERAL
campo de control de longitud fija ta
008 - DATOS DE LONGITUD FIJA--INFORMACIÓN GENERAL
campo de control de longitud fija 250714s2020 ck ao||| |||| 00| 0 spa d
020 ## - NÚMERO INTERNACIONAL ESTÁNDAR DEL LIBRO
Número Internacional Estándar del Libro ISBN: 9789587942231
040 ## - FUENTE DE CATALOGACIÓN
Centro catalogador/agencia de origen CO-PeBPM
Lengua de catalogación spa
Centro/agencia transcriptor CO-PeBPM
Normas de descripción rda
041 ## - CÓDIGO DE IDIOMA
Código de lengua del texto/banda sonora o título independiente spa
082 04 - NÚMERO DE LA CLASIFICACIÓN DECIMAL DEWEY
Número de clasificación 340.1 M516f
Número de edición 22
100 1# - ENTRADA PRINCIPAL--NOMBRE DE PERSONA
Nombre de persona Mejía Quintana, Óscar
Término indicativo de función/relación autor
245 10 - MENCIÓN DEL TÍTULO
Título Filosofía y teoría del derecho (versión ilustrada)
Mención de responsabilidad, etc. / Óscar Mejía Quintana
250 ## - MENCION DE EDICION
Mención de edición Primera edición
260 ## - PUBLICACIÓN, DISTRIBUCIÓN, ETC.
Lugar de publicación, distribución, etc. Bogotá, Colombia
Nombre del editor, distribuidor, etc. : Universidad Nacional de Colombia. Facultad de Derecho
Fecha de publicación, distribución, etc. , 2020
300 ## - DESCRIPCIÓN FÍSICA
Extensión 290 páginas
Otras características físicas ilustraciones (algunas a color), diagramas, fotografías, retratos
Dimensiones 24 centímetros
490 ## - MENCIÓN DE SERIE
Mención de serie Serie de Investigaciones Jurídico-Políticas
Designación de volumen o secuencia 26
500 ## - NOTA GENERAL
Nota general Incluye índice
504 ## - NOTA DE BIBLIOGRAFÍA, ETC.
Nota de bibliografía, etc. Incluye referencias bibliográficas
520 ## - RESUMEN, ETC.
Sumario, etc. Este curso ilustrado de filosofía y teoría del derecho reconstruye la secuencia del concepto de derecho de los paradigmas ius filosóficos y ius teóricos a lo largo de la modernidad. Constituyó el inicio del grupo de investigación REPENSAR el DERECHO (categoría A en MinCiencias) de la Facultad de Derecho y Ciencias Políticas de la Universidad Nacional de Colombia, dirigido por el profesor Óscar Mejía y codirigido por la profesora Diana Hincapié, cuyos proyectos desde el año 2016 exploran el abordaje histórico de las diferentes escuelas jurídicas contemporáneas, su recepción en Colombia y Latinoamérica y sus proyecciones prácticas, lo que permitió ampliar la propuesta docente a cursos como: Teoría de la Decisión Judicial, Filosofía del Derecho en Colombia, Bioderecho y Biopolítica, Constitución, Democracia y Paz y Filosofía Política Contemporánea. En el ámbito investigativo se proyectó con el semillero de jóvenes investigadores en las líneas de Teoría De colonial del Derecho, Opinión Pública y Medios Digitales a través del Observatorio Verdad & Memoria y proyectos de investigación como Posontológico, Posfundacional y Posjurídico: Más allá de la Filosofía y la Teoría del Derecho Colonial en la Sociedad GlocAL y, más recientemente, Justicia Anamnética, Condición de Paz en Colombia: de la Ley del Talión a la Justicia del Perdón, la Reconciliación y la Democracia Adversarial.
610 ## - PUNTO DE ACCESO ADICIONAL DE MATERIA--NOMBRE DE ENTIDAD CORPORATIVA
Nombre de entidad corporativa o nombre de jurisdicción como elemento de entrada Grupo de Investigación Repensar el Derecho, investigador
Fuente del encabezamiento o término LEMB
650 14 - PUNTO DE ACCESO ADICIONAL DE MATERIA--TÉRMINO DE MATERIA
Término de materia o nombre geográfico como elemento de entrada Derecho - Filosofía
Fuente del encabezamiento o término LEMB
650 14 - PUNTO DE ACCESO ADICIONAL DE MATERIA--TÉRMINO DE MATERIA
Término de materia o nombre geográfico como elemento de entrada Teoría del derecho
Fuente del encabezamiento o término LEMB
650 14 - PUNTO DE ACCESO ADICIONAL DE MATERIA--TÉRMINO DE MATERIA
Término de materia o nombre geográfico como elemento de entrada Paradigma (Ciencias Sociales)
Fuente del encabezamiento o término LEMB
942 ## - ELEMENTOS DE ENTRADA SECUNDARIOS (KOHA)
Fuente del sistema de clasificación o colocación Clasificación Decimal Dewey
Tipo de ítem Koha Libros
Suprimir en OPAC No
Holdings
Estatus retirado Estado de pérdida Fuente del sistema de clasificación o colocación Estado de daño No para préstamo Colección Biblioteca de origen Biblioteca actual Ubicación en estantería Fecha de adquisición Fuente de adquisición Total de préstamos Signatura topográfica completa Código de barras Visto por última vez Copia número Precio de reemplazo Tipo de ítem Koha
    Clasificación Decimal Dewey     General BIBLIOTECA PÚBLICA MUNICIPAL RAMON CORREA MEJIA BIBLIOTECA PÚBLICA MUNICIPAL RAMON CORREA MEJIA Colección general 14/01/2025 Donación Biblioteca Nacional   340.1 M516f 61999 14/07/2025 Ej. 1 14/07/2025 Libros

Powered by Koha